00793nam a2200241Ia 4500003000900000008004100009020003000050020003100080022002200111022002300133040001600156100002500172245003300197260005700230300002000287490002900307650004800336650004200384650001200426700002700438700002400465856006200489IN-BaIIA211028s9999 xx s 000 0 eng d a978-3-540-21921-7 (Print) a978-3-540-40975-5 (Online) a0075-8450 (Print) a1616-6361 (Online) cIIA Library aBlaschke, David, ed. 0aHeavy Quark Physicsh[eBook] aHeidelberg, BerlinbSpringer Berlin Heidelbergc2004 aOnline resource aLecture Notes in Physics a Elementary Particles, Quantum Field Theory a Nuclear Physics, Heavy Ions, Hadrons aPhysics aIvanov, Mikhal A., ed. aMannel, Thomas, ed. uhttp://doi.org/10.1007/b97728yClick Here to Access eBook